[Event "LSS SA-2009-0-00051"]
[Site "LSS email"]
[Date "2009.03.13"]
[Round "?"]
[White "Baier, Guenter"]
[Black "Kroes, Friso"]
[Result "0-1"]
[WhiteElo "2020"]
[BlackElo "2088"]
[PlyCount "72"]
[EventDate "2009.02.13"]
[EventType "tourn (corr)"]
[EventRounds "6"]
[EventCountry "GER"]
[SourceTitle "Corr 2011"]
[Source "ChessBase"]
[SourceDate "2010.08.31"]
[SourceVersion "1"]
[SourceVersionDate "2010.08.31"]
[SourceQuality "1"]

1. e4 e6 2. d4 d5 3. Nc3 Bb4 4. e5 c5 5. a3 Bxc3+ 6. bxc3 Ne7 7. Qg4 Qc7 8. Qxg7 Rg8 9. Qxh7 cxd4 10. Ne2 Nbc6 11. f4 Bd7 12. Qd3 dxc3 13. Rb1 d4 14. Nxd4 Nxd4 15. Qxd4 Nf5 16. Qf2 Bc6 17. Rg1 0-0-0 18. Qxa7 Qd7 19. Qa8+ Kc7 20. Qa5+ Kb8 21. Qxc3 Qd1+ 22. Kf2 Rc8 23. Qd3 Qg4 24. Qh3 Qg7 25. g4 Qf8 26. Qd3 Qe7 27. Be2 Qh4+ 28. Kf1 Qxh2 29. Be3 Rgd8 30. gxf5 Rxd3 31. cxd3 Qh3+ 32. Kf2 Qh4+ 33. Kf1 exf5 34. Rc1 Rh8 35. Rc4 Qd8 36. d4 Qd5 0-1

[Event "GER MS-061 email"]
[Site "GER email"]
[Date "2008.09.23"]
[Round "?"]
[White "Daus, Peter"]
[Black "Baier, Guenter"]
[Result "1-0"]
[WhiteElo "2125"]
[BlackElo "2045"]
[PlyCount "65"]
[EventDate "2008.09.29"]
[EventType "tourn (corr)"]
[EventRounds "6"]
[EventCountry "GER"]
[SourceTitle "Corr 2011"]
[Source "ChessBase"]
[SourceDate "2010.08.31"]
[SourceVersion "1"]
[SourceVersionDate "2010.08.31"]
[SourceQuality "1"]

1. d4 Nf6 2. c4 e6 3. Nc3 c5 4. d5 exd5 5. cxd5 d6 6. e4 g6 7. Nf3 a6 8. Qe2 Bg7 9. e5 dxe5 10. Qxe5+ Kf8 11. Be2 b5 12. 0-0 Bb7 13. Rd1 Nbd7 14. Qf4 h6 15. a4 b4 16. Ne4 Nxe4 17. Qxe4 Kg8 18. Qf4 Nb6 19. d6 Qd7 20. a5 Nd5 21. Qg3 h5 22. h3 Qe6 23. Bc4 h4 24. Nxh4 Qe4 25. Bxd5 Bxd5 26. Bg5 Be5 27. f3 Qe2 28. f4 Bxb2 29. Rxd5 Bxa1 30. d7 Kh7 31. f5 Qe4 32. Qd6 b3 33. Bf6 1-0

[Event "GER MS-061 email"]
[Site "GER email"]
[Date "2008.09.23"]
[Round "?"]
[White "Mergard, Hans Peter"]
[Black "Baier, Guenter"]
[Result "0-1"]
[WhiteElo "1953"]
[BlackElo "2045"]
[PlyCount "80"]
[EventDate "2008.09.29"]
[EventType "tourn (corr)"]
[EventRounds "6"]
[EventCountry "GER"]
[SourceTitle "Corr 2011"]
[Source "ChessBase"]
[SourceDate "2010.08.31"]
[SourceVersion "1"]
[SourceVersionDate "2010.08.31"]
[SourceQuality "1"]

1. e4 c5 2. Nf3 Nc6 3. d4 cxd4 4. Nxd4 Qb6 5. Be3 Qxb2 6. Nb3 Qe5 7. Bd3 Nf6 8. 0-0 e6 9. f4 Qc7 10. c4 h5 11. h3 d6 12. Nc3 a6 13. Rc1 Nb4 14. Be2 Be7 15. Bf3 0-0 16. Qd2 Nc6 17. Rfd1 Re8 18. Nd5 exd5 19. exd5 Nb8 20. c5 dxc5 21. Nxc5 Qd6 22. Rb1 b5 23. Ne6 Nbd7 24. Rbc1 fxe6 25. dxe6 Qxd2 26. Rxd2 Bb4 27. Rd3 Rb8 28. Ba7 Bc5+ 29. Bxc5 Nxc5 30. Rxc5 Bxe6 31. Rd6 Bxa2 32. Rxa6 Bf7 33. Ra7 b4 34. Rcc7 b3 35. Rxf7 b2 36. Rfb7 b1Q+ 37. Rxb1 Rxb1+ 38. Kf2 Ne4+ 39. Bxe4 Rxe4 40. Kf3 Reb4 0-1

[Event "GER Pyramid email"]
[Site "GER email"]
[Date "2008.08.19"]
[Round "?"]
[White "Sobirey, Michael"]
[Black "Baier, Guenter"]
[Result "1-0"]
[WhiteElo "2053"]
[BlackElo "2245"]
[PlyCount "61"]
[EventDate "2005.??.??"]
[EventType "tourn (corr)"]
[EventRounds "9"]
[EventCountry "GER"]
[SourceTitle "Corr 2011"]
[Source "ChessBase"]
[SourceDate "2010.08.31"]
[SourceVersion "1"]
[SourceVersionDate "2010.08.31"]
[SourceQuality "1"]

1. e4 e6 2. d4 d5 3. Nc3 Nf6 4. Bg5 Bb4 5. e5 h6 6. Bc1 Ne4 7. Qg4 g5 8. a3 Ba5 9. Nge2 h5 10. Qf3 g4 11. Qf4 f5 12. Bd2 Nxd2 13. Qxd2 Nc6 14. 0-0-0 Bd7 15. Kb1 Qe7 16. Nf4 Qg7 17. Bb5 Bxc3 18. Qxc3 Rh6 19. Nd3 0-0-0 20. Nc5 Nb8 21. Be2 b6 22. Nd3 Bb5 23. Nf4 Bxe2 24. Nxe2 Kb7 25. Nf4 Nc6 26. Qe3 h4 27. b3 Rg8 28. c4 dxc4 29. bxc4 Re8 30. Rhe1 a6 31. c5 1-0

[Event "GER MS-051 email"]
[Site "GER email"]
[Date "2008.03.04"]
[Round "?"]
[White "Baier, Guenter"]
[Black "Heinrich, Olaf Wittmund"]
[Result "1/2-1/2"]
[WhiteElo "2245"]
[BlackElo "2287"]
[PlyCount "67"]
[EventDate "2008.??.??"]
[EventType "tourn (corr)"]
[EventRounds "6"]
[EventCountry "GER"]
[SourceTitle "Corr 2011"]
[Source "ChessBase"]
[SourceDate "2010.08.31"]
[SourceVersion "1"]
[SourceVersionDate "2010.08.31"]
[SourceQuality "1"]

1. d4 d5 2. c4 c6 3. Nf3 Nf6 4. Nc3 e6 5. Bg5 dxc4 6. e4 b5 7. e5 h6 8. Bh4 g5 9. Nxg5 hxg5 10. Bxg5 Nbd7 11. exf6 Bb7 12. g3 c5 13. d5 Nxf6 14. Bg2 Be7 15. 0-0 Nxd5 16. Bxe7 Kxe7 17. Nxb5 Qb6 18. Na3 c3 19. Rb1 cxb2 20. Nc4 Qc7 21. Rxb2 Nb6 22. Bxb7 Nxc4 23. Rc2 Na3 24. Bxa8 Nxc2 25. Qxc2 Rxa8 26. Qc4 Rd8 27. Rc1 Rd5 28. h4 Qc6 29. Qg4 Qb5 30. Kg2 Qb2 31. Qc4 Rf5 32. Qc2 Qb7+ 33. Kg1 Qf3 34. Qb2 1/2-1/2

[Event "GER MS-051 email"]
[Site "GER email"]
[Date "2008.03.04"]
[Round "?"]
[White "Baier, Guenter"]
[Black "Kahl, Karl Heinz"]
[Result "1-0"]
[WhiteElo "2245"]
[BlackElo "2198"]
[PlyCount "95"]
[EventDate "2008.??.??"]
[EventType "tourn (corr)"]
[EventRounds "6"]
[EventCountry "GER"]
[SourceTitle "Corr 2011"]
[Source "ChessBase"]
[SourceDate "2010.08.31"]
[SourceVersion "1"]
[SourceVersionDate "2010.08.31"]
[SourceQuality "1"]

1. d4 Nf6 2. c4 e6 3. Nc3 Bb4 4. Nf3 b6 5. Qb3 c5 6. a3 Ba5 7. Bg5 h6 8. Bxf6 Qxf6 9. e3 0-0 10. Be2 cxd4 11. Nxd4 Bb7 12. 0-0 Rc8 13. Rfd1 Bxc3 14. Qxc3 d5 15. Nb5 Qg5 16. g3 Ba6 17. a4 Nd7 18. e4 Nf6 19. f4 Qg6 20. exd5 exd5 21. Rd4 Bxb5 22. axb5 Rc7 23. Re1 dxc4 24. Bxc4 Rac8 25. b3 Qf5 26. Re5 Qb1+ 27. Kg2 Qa2+ 28. Kh3 Qa3 29. Qd3 Qf8 30. g4 Re7 31. Rxe7 Qxe7 32. g5 hxg5 33. fxg5 Nh7 34. g6 Ng5+ 35. Kg4 Ne6 36. gxf7+ Qxf7 37. Qf5 Rxc4 38. Qxf7+ Kxf7 39. Rxc4 Nc5 40. b4 Ne6 41. Rc1 Kf6 42. Ra1 Nc7 43. Rxa7 Nd5 44. Rd7 Ne3+ 45. Kf4 Nc4 46. Rd4 g5+ 47. Ke4 Na3 48. Rd6+ 1-0

[Event "GER MS-051 email"]
[Site "GER email"]
[Date "2008.03.04"]
[Round "?"]
[White "Frerichs, Manfred"]
[Black "Baier, Guenter"]
[Result "1-0"]
[WhiteElo "2000"]
[BlackElo "2245"]
[PlyCount "51"]
[EventDate "2008.??.??"]
[EventType "tourn (corr)"]
[EventRounds "6"]
[EventCountry "GER"]
[SourceTitle "Corr 2011"]
[Source "ChessBase"]
[SourceDate "2010.08.31"]
[SourceVersion "1"]
[SourceVersionDate "2010.08.31"]
[SourceQuality "1"]

1. e4 c5 2. Nf3 d6 3. Bb5+ Nd7 4. d4 Ngf6 5. 0-0 a6 6. Bxd7+ Nxd7 7. Nc3 e6 8. Bg5 Qb6 9. Rb1 h6 10. dxc5 Qxc5 11. Be3 Qc7 12. Bd4 Ne5 13. Nd2 b5 14. f4 Nc6 15. Nb3 b4 16. Ne2 a5 17. c3 e5 18. Be3 Be7 19. Rc1 0-0 20. fxe5 dxe5 21. cxb4 axb4 22. Qd5 Bd7 23. Nc5 Bxc5 24. Rxc5 Rac8 25. Rfc1 Qb6 26. Qxd7 1-0

[Event "GER Pyramid email"]
[Site "GER email"]
[Date "2007.11.12"]
[Round "?"]
[White "Diele, Ralf"]
[Black "Baier, Guenter"]
[Result "1-0"]
[WhiteElo "2453"]
[BlackElo "2245"]
[PlyCount "71"]
[EventDate "2007.??.??"]
[EventType "game (corr)"]
[EventCountry "GER"]
[SourceTitle "Corr 2020"]
[Source "ChessBase"]
[SourceDate "2019.09.30"]
[SourceVersion "1"]
[SourceVersionDate "2019.09.30"]
[SourceQuality "1"]

1. e4 c5 2. Nf3 Nf6 3. e5 Nd5 4. Nc3 e6 5. Nxd5 exd5 6. d4 Nc6 7. dxc5 Bxc5 8. Qxd5 d6 9. exd6 Qb6 10. Bc4 Bxf2+ 11. Kf1 0-0 12. Qd2 Na5 13. Qxf2 Nxc4 14. Qxb6 axb6 15. Kf2 Nxd6 16. Re1 Bf5 17. Nd4 Bg6 18. Bf4 Ne4+ 19. Kg1 Rfd8 20. Nb5 Nf6 21. c4 Rd3 22. Be3 Nd7 23. b3 f6 24. Nc7 Rc8 25. Bf4 Bf7 26. Nb5 Ra8 27. Re3 Rxe3 28. Bxe3 Nc5 29. Rd1 h6 30. Nd6 Rd8 31. Rd4 Be6 32. Nb5 Re8 33. Nc7 Re7 34. Nxe6 Rxe6 35. Kf2 Kf7 36. Rd5 1-0

[Event "GER-ch39 V08 email"]
[Site "GER email"]
[Date "2007.04.15"]
[Round "?"]
[White "Baier, Guenter"]
[Black "Mehlhorn, Uwe"]
[Result "1/2-1/2"]
[WhiteElo "2080"]
[BlackElo "2201"]
[PlyCount "59"]
[EventDate "2007.??.??"]
[EventType "tourn (corr)"]
[EventRounds "10"]
[EventCountry "GER"]
[SourceTitle "Corr 2011"]
[Source "ChessBase"]
[SourceDate "2010.08.31"]
[SourceVersion "1"]
[SourceVersionDate "2010.08.31"]
[SourceQuality "1"]

1. e4 c5 2. Nc3 Nc6 3. Bb5 g6 4. Bxc6 bxc6 5. d3 Bg7 6. f4 d6 7. Nf3 Rb8 8. 0-0 f5 9. e5 Nh6 10. Qe1 0-0 11. b3 Nf7 12. Bb2 dxe5 13. Nxe5 Nxe5 14. fxe5 Qd4+ 15. Rf2 Qxe5 16. Na4 Qd6 17. Bxg7 Kxg7 18. Qc3+ Qd4 19. Re1 Qxc3 20. Nxc3 Re8 21. Re5 c4 22. dxc4 Rb7 23. Rfe2 Kf6 24. Kf2 Rd8 25. Na4 Rc7 26. Nc5 Rd1 27. h3 h6 28. Nd3 g5 29. a4 f4 30. g4 1/2-1/2

[Event "GER-ch39 V08 email"]
[Site "GER email"]
[Date "2007.04.15"]
[Round "?"]
[White "Baier, Guenter"]
[Black "Pasierb, Siegmund"]
[Result "1/2-1/2"]
[WhiteElo "2080"]
[BlackElo "2206"]
[PlyCount "83"]
[EventDate "2007.??.??"]
[EventType "tourn (corr)"]
[EventRounds "10"]
[EventCountry "GER"]
[SourceTitle "Corr 2011"]
[Source "ChessBase"]
[SourceDate "2010.08.31"]
[SourceVersion "1"]
[SourceVersionDate "2010.08.31"]
[SourceQuality "1"]

1. e4 e6 2. d4 d5 3. Nc3 Nf6 4. e5 Nfd7 5. f4 c5 6. Nf3 Nc6 7. Be3 cxd4 8. Nxd4 Bc5 9. Qd2 0-0 10. 0-0-0 a6 11. Qf2 Bxd4 12. Bxd4 b5 13. Be3 b4 14. Na4 a5 15. g4 Ba6 16. h4 Bxf1 17. Rhxf1 f6 18. exf6 Nxf6 19. Qg2 Qe8 20. Nc5 Qe7 21. Rfe1 Rac8 22. f5 d4 23. Nxe6 dxe3 24. Nxf8 Kxf8 25. g5 Nd7 26. Re2 a4 27. Qh3 a3 28. Qxe3 Qxe3+ 29. Rxe3 axb2+ 30. Kxb2 Nb6 31. Kb3 Ra8 32. Re6 Ra3+ 33. Kb2 Nc4+ 34. Kb1 N4e5 35. Rdd6 Rh3 36. Rxc6 Nxc6 37. Rxc6 Rxh4 38. Rc8+ Kf7 39. Rc7+ Kf8 40. Kb2 h5 41. Rc8+ Kf7 42. Rc7+ 1/2-1/2

[Event "GER-ch39 V08 email"]
[Site "GER email"]
[Date "2007.04.15"]
[Round "?"]
[White "Farmer, Walter"]
[Black "Baier, Guenter"]
[Result "1/2-1/2"]
[WhiteElo "2134"]
[BlackElo "2080"]
[PlyCount "68"]
[EventDate "2007.??.??"]
[EventType "tourn (corr)"]
[EventRounds "10"]
[EventCountry "GER"]
[SourceTitle "Corr 2011"]
[Source "ChessBase"]
[SourceDate "2010.08.31"]
[SourceVersion "1"]
[SourceVersionDate "2010.08.31"]
[SourceQuality "1"]

1. d4 e6 2. e4 d5 3. Nc3 Bb4 4. e5 c5 5. a3 Bxc3+ 6. bxc3 Nc6 7. Nf3 Qa5 8. Bd2 Nge7 9. Be2 Qa4 10. Qb1 c4 11. h4 Bd7 12. h5 h6 13. Kf1 b6 14. Kg1 Nf5 15. Qc1 0-0-0 16. Nh2 Kb8 17. Ng4 Rc8 18. Rh3 Rhf8 19. Rb1 Ka8 20. Qb2 Nce7 21. Nh2 Nc6 22. Rf3 Nh4 23. Rf4 Nf5 24. Nf1 g5 25. hxg6 fxg6 26. Rf3 h5 27. Bg5 Nd8 28. Rh3 Nf7 29. Bd2 Rg8 30. Ng3 N7h6 31. Bg5 Nxg3 32. Rxg3 Nf5 33. Rh3 Rcf8 34. Rc1 Rf7 1/2-1/2

[Event "GER-ch39 V08 email"]
[Site "GER email"]
[Date "2007.04.15"]
[Round "?"]
[White "Wolf, Wolfgang"]
[Black "Baier, Guenter"]
[Result "1-0"]
[WhiteElo "2285"]
[BlackElo "2080"]
[PlyCount "85"]
[EventDate "2007.??.??"]
[EventType "tourn (corr)"]
[EventRounds "10"]
[EventCountry "GER"]
[SourceTitle "Corr 2011"]
[Source "ChessBase"]
[SourceDate "2010.08.31"]
[SourceVersion "1"]
[SourceVersionDate "2010.08.31"]
[SourceQuality "1"]

1. e4 e6 2. d4 d5 3. Nc3 Nf6 4. Bg5 Bb4 5. e5 h6 6. Bd2 Bxc3 7. bxc3 Ne4 8. Qg4 g6 9. Bd3 Nxd2 10. Kxd2 c5 11. h4 Qa5 12. Nf3 Nc6 13. Qf4 Bd7 14. Qf6 Rg8 15. h5 gxh5 16. Rxh5 cxd4 17. Ke2 Qxc3 18. Rb1 Qc5 19. Rxh6 Qe7 20. Rxb7 Qxf6 21. Rxf6 Rb8 22. Rxb8+ Nxb8 23. g3 Nc6 24. a4 Nb4 25. a5 Nc6 26. a6 Rg7 27. Rh6 Kd8 28. Rh1 Kc7 29. Kd2 Bc8 30. Bb5 Bd7 31. Bxc6 Kxc6 32. Nxd4+ Kb6 33. Rh8 Kxa6 34. Rd8 Ba4 35. Kc3 Kb7 36. Kb4 Kc7 37. Ra8 Kb7 38. Rf8 Bd7 39. Kc5 Kc7 40. g4 a5 41. g5 a4 42. f4 Rh7 43. f5 1-0

[Event "IECG CP.2005.Q.00025 email"]
[Site "IECG email"]
[Date "2007.01.15"]
[Round "?"]
[White "Korchut, Adam"]
[Black "Baier, Guenter"]
[Result "1-0"]
[WhiteElo "2195"]
[BlackElo "2086"]
[PlyCount "109"]
[EventDate "2007.01.15"]
[EventType "tourn (corr)"]
[EventRounds "6"]
[EventCountry "FRA"]
[SourceTitle "Corr 2011"]
[Source "ChessBase"]
[SourceDate "2010.08.31"]
[SourceVersion "1"]
[SourceVersionDate "2010.08.31"]
[SourceQuality "1"]

1. e4 c5 2. Nf3 e6 3. d4 cxd4 4. Nxd4 Qb6 5. Nb3 Qc7 6. Nc3 a6 7. Bd3 b5 8. 0-0 Bb7 9. Qe2 Nf6 10. f4 b4 11. Nd1 d6 12. c3 Nc6 13. Be3 Be7 14. Rc1 Qd7 15. Bd2 a5 16. cxb4 axb4 17. Bb5 0-0 18. Bxb4 Rfc8 19. a4 Qd8 20. Bd2 Na7 21. Rxc8 Bxc8 22. Ba5 Qf8 23. e5 Nd5 24. Bd3 Bd7 25. Bd2 Qb8 26. Qe4 g6 27. exd6 Bxd6 28. Bc4 Bc6 29. Nd4 Qb6 30. Kh1 Nf6 31. Qd3 Rd8 32. Nxc6 Nxc6 33. Be3 Bc5 34. Qa3 Bd4 35. Be2 Qa7 36. Bb5 Nd5 37. f5 Nxe3 38. Nxe3 Bxe3 39. Bxc6 exf5 40. b4 Qd4 41. Qb3 Qd2 42. Bb5 f4 43. h3 Rd5 44. Ba6 Kg7 45. Kh2 Ba7 46. Rb1 Bb8 47. Kh1 Bd6 48. Bf1 Rd4 49. a5 Bxb4 50. a6 Bc5 51. Qf3 Rd5 52. Bc4 Re5 53. Qf1 Re4 54. Rd1 Re1 55. Rxd2 1-0

[Event "IECG CP.2005.Q.00025 email"]
[Site "IECG email"]
[Date "2007.01.15"]
[Round "?"]
[White "Masala, Pierluca"]
[Black "Baier, Guenter"]
[Result "1/2-1/2"]
[WhiteElo "1867"]
[BlackElo "2086"]
[PlyCount "48"]
[EventDate "2007.01.15"]
[EventType "tourn (corr)"]
[EventRounds "6"]
[EventCountry "FRA"]
[SourceTitle "Corr 2011"]
[Source "ChessBase"]
[SourceDate "2010.08.31"]
[SourceVersion "1"]
[SourceVersionDate "2010.08.31"]
[SourceQuality "1"]

1. e4 c5 2. Nf3 d6 3. c3 Nf6 4. g3 Nc6 5. d3 g6 6. Bg2 Bg7 7. 0-0 0-0 8. Re1 Bg4 9. h3 Bxf3 10. Bxf3 Nd7 11. Bg2 b5 12. e5 Qc7 13. exd6 exd6 14. Be3 Rfe8 15. Nd2 Rab8 16. a3 h6 17. Nf3 Nce5 18. Nxe5 Nxe5 19. f4 Nc6 20. Qf3 Ne7 21. Re2 Nf5 22. Bf2 Bf6 23. Rae1 Rxe2 24. Rxe2 b4 1/2-1/2